00569nas a2200169I 4500022001400000040000800014082002600022245004300048260002600091300001400117650002300131650002000154856005400174942000700228999001700235952014700252 a0378-620x cGUA a510 BIR 1985 A034 Or.00aIntegral equations and operator theory00aBasel,bBirkh©Şuser av.c24 cm 0aIntegral equations 0aOperator theory41uhttp://rave.ohiolink.edu/ejournals/issn/0378620X/ cEK c12592d12592 0010406510_000000000000000_BIR_1985_A034_OR70962527aLBAbLBAcA034d2017-08-15o510 BIR 1985 A034 Or.pA18245r2017-08-15w2017-08-15yEK